| 000 | 01102nam a22002417a 4500 | ||
|---|---|---|---|
| 005 | 20240530110531.0 | ||
| 008 | 160316s2013 ua a g b 000 0 ara d | ||
| 017 |
_a2012/8474 _bمصر . دار الكتب المصرية |
||
| 020 | _a9789776298903 | ||
| 040 | _aEG-CaGPL | ||
| 082 | 0 | 4 |
_221 _a658.3124\ _bخ ت |
| 100 | 0 | _aخبراء المجموعة العربية للتدريب و النشر | |
| 245 | 1 | 0 |
_aتصميم و اعداد و تنفيذ الحقائب التدريبية / _cاعداد خبراء المجموعة العربية للتدريب و النشر ؛ اشراف علمى محمود عبدالفتاح رضوان |
| 250 | _aط1 | ||
| 260 |
_aالقاهرة : _bالمجموعة العربية للتدريب و النشر ، _c2013 . |
||
| 300 |
_a97 ص ؛ _c30 سم . |
||
| 504 | _aيشتمل على ارجاعات ببليوجرافية | ||
| 650 | 0 | 4 | _aالدورات التدريبية |
| 650 | 0 | 4 | _aالتدريب الادارى |
| 700 | 0 |
_aمحمود عبدالفتاح رضوان _eمشرف |
|
| 942 |
_2ddc _cBK |
||
| 999 |
_c62085 _d62085 |
||